ბათუმის შოთა რუსთაველის სახელმწიფო უნივერსიტეტის ბიბლიოთეკა

მოამბე.Bulletin.ტ.8 №1.იანვარი–თებერვალი–მარტი–აპრილი (ბიბ.ჩანაწერი № 43512)

000 -LEADER
fixed length control field 00624nam a2200181Ia 4500
001 - CONTROL NUMBER
control field 10243
003 - CONTROL NUMBER IDENTIFIER
control field GE_BSU
008 - FIXED-LENGTH DATA ELEMENTS--GENERAL INFORMATION
fixed length control field 181216s||||||||xx |||||||||||||| ||und||
040 ## - CATALOGING SOURCE
Transcribing agency GE_BSU
245 ## - TITLE STATEMENT
Title მოამბე.Bulletin.ტ.8 №1.იანვარი–თებერვალი–მარტი–აპრილი
245 ## - TITLE STATEMENT
Remainder of title საქ.მეცნიერ.ეროვნული აკადემია
245 ## - TITLE STATEMENT
Statement of responsibility, etc. მთ.რედ.გ.კვესიტაძე
260 ## - PUBLICATION, DISTRIBUTION, ETC.
Place of publication, distribution, etc. თბილისი
260 ## - PUBLICATION, DISTRIBUTION, ETC.
Date of publication, distribution, etc. 2014
300 ## - PHYSICAL DESCRIPTION
Extent 148стр.29см.
653 ## - INDEX TERM--UNCONTROLLED
Uncontrolled term მოამბე
942 ## - ADDED ENTRY ELEMENTS (KOHA)
Koha item type პერიოდიკა
ეგზემპლარები
Withdrawn status Lost status Damaged status Not for loan Date acquired Barcode Date last seen Price effective from Koha item type
        2018-12-17 p76297 2018-12-17 2018-12-17 პერიოდიკა